Food production operations (Record no. 214677)
[ view plain ]
| 000 -LEADER | |
|---|---|
| fixed length control field | 00434nam a2200169Ia 4500 |
| 008 - FIXED-LENGTH DATA ELEMENTS--GENERAL INFORMATION | |
| fixed length control field | 231221s9999 xx 000 0 und d |
| 020 ## - INTERNATIONAL STANDARD BOOK NUMBER | |
| International Standard Book Number | 9780000000000 |
| 041 ## - LANGUAGE CODE | |
| Language code of text/sound track or separate title | English |
| 082 ## - DEWEY DECIMAL CLASSIFICATION NUMBER | |
| Classification number | 658.5 BAL;1 R |
| 100 ## - MAIN ENTRY--PERSONAL NAME | |
| Personal name | Bali, Parvinder S. |
| 245 #0 - TITLE STATEMENT | |
| Title | Food production operations |
| 260 ## - PUBLICATION, DISTRIBUTION, ETC. | |
| Date of publication, distribution, etc. | 2009 |
| Name of publisher, distributor, etc. | Oxford University |
| Place of publication, distribution, etc. | New Delhi |
| 300 ## - PHYSICAL DESCRIPTION | |
| Extent | xiv, 588 |
| 300 ## - PHYSICAL DESCRIPTION | |
| Dimensions | CD5815 |
| 650 ## - SUBJECT ADDED ENTRY--TOPICAL TERM | |
| Topical term or geographic name entry element | Food,production,operations |
| 942 ## - ADDED ENTRY ELEMENTS (KOHA) | |
| Koha item type | Hotel Management Library |
| Date last seen | Total checkouts | Full call number | Accession number | Cost, total (INR) price | Price effective from | Category | Lost status | Damaged status | Department | Withdrawn status | Home library | Current library | Shelving location | Entry date | Vendor | Cost, normal purchase price | Grants | Billnumber | Billdate | Currency symbol | Conversion rate | Discount | Old discount |
|---|---|---|---|---|---|---|---|---|---|---|---|---|---|---|---|---|---|---|---|---|---|---|---|
| 26/01/2024 | 658.5 BAL;1 R | HM1453 | 370.50 | 26/01/2024 | Hotel Management Library | HEM | Central Library | Central Library | HM | BB Books | 475.00 | HM | 422 | 06/06/2017 | RS | 1 | 104.5 | 22 | |||||
| 26/01/2024 | 658.5 BAL;1 | CD5815 | 26/01/2024 | Compact Disks | HEM | Central Library | Central Library | BHM | BB Books | HM | 422 | 06/06/2017 | RS | 1 | |||||||||
| 26/01/2024 | 658.5 BAL;1 | CD7057 | 26/01/2024 | Compact Disks | HEM | Central Library | Central Library | HM | DONATED | RS | 1 |
